| 000 | 01152nam a22002297a 4500 | ||
|---|---|---|---|
| 999 |
_c17912 _d17912 |
||
| 005 | 20251125232901.0 | ||
| 008 | s2525 th tha d | ||
| 040 | _aNALT | ||
| 041 | _atha | ||
| 100 | 0 | _aมาโนช จรมาศ | |
| 245 | 1 | 0 | _aคำอธิบายประมวลกฎหมายวิธีพิจารณาความแพ่ง ภาค 1 และ 2 ว่าด้วยบททั่วไปและวิธีพิจารณาในศาลชั้นต้น เล่ม 2 [3rd] |
| 260 | 3 |
_aกรุงเทพฯ : _bโรงพิมพ์อักษรสาส์น, _c2525 |
|
| 300 |
_a604-1229 หน้า ; _b 26 ซม. |
||
| 650 | 0 | 4 | _aกฎหมายวิธีพิจารณาความแพ่ง |
| 650 | 0 | 4 | _aวิธีพิจารณาความแพ่ง |
| 650 | 0 | 4 | _aศาล -- วิธีพิจารณา |
| 850 | _aNALT | ||
| 856 | 4 | 0 |
_uhttps://hdl.handle.net/20.500.14156/456337 _71 |
| 942 |
_cLB _2lcc |
||
| 998 |
_j25 _k นีลวัสน์ อินทรักษา |
||
| 090 | _aKT63 ม456ค 2525 ล.2 | ||